Όλες οι ομάδες της Formula 1 από το 1950 | Ελληνικά - Statistics

General Stats
  • This quiz has been taken 10 times
  • The average score is 12 of 179
Answer Stats
Πρώτο έτος Πέρυσι Ομάδα % Correct
1950 Ferrari
100%
1954 Mercedes
100%
1965 1965 RE
100%
2005 Red Bull
89%
1966 McLaren
78%
1977 2020 Renault
78%
1959 Aston Martin
67%
1950 2023 Alfa Romeo
44%
2021 Alpine
44%
1986 2001 Benetton
44%
1964 2008 Honda
44%
1993 Sauber
44%
1975 Williams
44%
2016 Haas
33%
2020 2023 Alpha Tauri
22%
2008 2018 Force India
22%
2000 2004 Jaguar
22%
2012 2015 Lotus F1
22%
1958 1994 Team Lotus
22%
2006 2019 Toro Rosso
22%
1952 1953 BMW
11%
1962 1992 Brabham
11%
2010 2012 HRT
11%
1991 2005 Jordan
11%
1991 1991 Lambo
11%
1985 2005 Minardi
11%
1957 1964 Porsche
11%
2024 Racing Bulls
11%
2016 2020 Racing Point
11%
2002 2009 Toyota
11%
1970 1998 Tyrrell
11%
1950 1950 Adams
0%
1952 1953 AFM
0%
1986 1991 AGS
0%
1950 1952 Alta
0%
1974 1974 Amon
0%
1992 1992 Andrea Moda
0%
1977 1977 Apollo
0%
1978 2002 Arrows
0%
1955 1955 Arzani-Volpini
0%
1952 1952 Aston Butterworth
0%
1963 1984 ATS
0%
1999 2005 BAR
0%
1960 1960 Behra-Porsche
0%
1970 1971 Bellasi
0%
2006 2010 BMW Sauber
0%
1976 1977 Boro
0%
2009 2009 Brawn
0%
1951 1977 BRM
0%
1951 1954 Bromme
0%
1963 1964 BRP
0%
1956 1956 Bugatti
0%
2010 2014 Caterham
0%
1959 1960 Christensen
0%
1952 1952 Cisitalia
0%
1950 1950 Clemente Biondetti
0%
1987 1989 Coloni
0%
1952 1959 Connaught
0%
1972 1972 Connew
0%
1968 1968 Cooper-BRM
0%
1960 1960 Cooper-Castellotti
0%
1950 1967 Cooper-Climax
0%
1960 1969 Cooper-Maserati
0%
1977 1977 Copersucar-Fittipaldi
0%
1988 1992 Dallara
0%
1950 1952 Deidt
0%
1953 1953 Del Roy
0%
1964 1964 Derrington-Francis
0%
1961 1970 De Tomaso
0%
1957 1959 Dunn
0%
1966 1969 Eagle
0%
1959 1959 Elder
0%
1956 1962 Emeryson
0%
1953 1953 EMW
0%
1962 1962 ENB
0%
1973 1982 Ensign
0%
1955 1960 Epperly
0%
1950 1952 ERA
0%
1988 1990 Euro Brun
0%
1950 1960 Ewing
0%
1961 1961 Ferguson
0%
1961 1961 FISA
0%
1975 1982 Fittipaldi
0%
1991 1992 Fondmetal
0%
1991 1996 Footwork
0%
1995 1996 Forti
0%
1952 1952 Frazer-Nash
0%
1959 1959 Fry
0%
1961 1963 Gilby
0%
1952 1956 Gordini
0%
1951 1951 Hall
0%
1974 1978 Hesketh
0%
1975 1975 Hill
0%
1951 1954 HWM
0%
1973 1974 Iso Marlboro
0%
1959 1961 JBW
0%
1979 1979 Kauhsen
0%
1954 1954 Klenk
0%
1976 1977 Kojima
0%
1950 1960 Kurtis Kraft
0%
1951 1960 Kuzma
0%
1954 1955 Lancia
0%
1950 1950 Langley
0%
1987 1994 Larrousse
0%
1962 1968 LDS
0%
1977 1977 LEC
0%
1950 1960 Lesovsky
0%
1990 1991 Leyton House
0%
1990 1990 Life
0%
1976 1996 Ligier
0%
1962 1993 Lola
0%
1974 1975 Lyncar
0%
1974 1976 Maki
0%
2012 2016 Manor
0%
1970 1992 March
0%
1950 1951 Marchese
0%
1978 1978 Martini
0%
1950 1960 Maserati
0%
1967 1972 Matra
0%
1961 1961 MBM
0%
1977 1977 McGuire
0%
1978 1979 Merzario
0%
1960 1960 Meskowski
0%
2006 2006 Midland
0%
1950 1950 Milano
0%
1950 1959 Moore
0%
1950 1954 Nichels
0%
1950 1950 Olson
0%
1989 1990 Onyx
0%
1951 1958 Osca
0%
1980 1990 Osella
0%
1954 1955 Pankratz
0%
1974 1976 Parnelli
0%
1951 1955 Pawl
0%
1994 1995 Pazific
0%
1974 1977 Penske
0%
1954 1960 Phillips
0%
1972 1972 Politoys
0%
1997 2001 Prost
0%
1967 1967 Protos
0%
1950 1950 Rae
0%
1983 1985 RAM
0%
1979 1979 Rebaque
0%
1988 1989 Rial
0%
1960 1960 Scarab
0%
1951 1955 Schroeder
0%
1963 1964 Scirocco
0%
1961 1961 Scuderia Sant Ambroeus
0%
1973 1980 Shadow
0%
1966 1966 Shannon
0%
1951 1952 Sherman
0%
1950 1953 Simca
0%
1994 1995 Simtek
0%
1950 1950 Snowberger
0%
1983 1985 Spirit
0%
2006 2007 Spyker
0%
1963 1963 Stebro
0%
1950 1956 Stevens
0%
1997 1999 Stewart
0%
2006 2008 Super Aguri
0%
1970 1978 Surtees
0%
1959 1959 Sutton
0%
1950 1951 Talbot-Lago
0%
1959 1959 Tec-Mec
0%
1969 1973 Tecno
0%
1978 1983 Theodore
0%
1974 1974 Token
0%
1981 1985 Toleman
0%
1951 1960 Trevis
0%
1974 1974 Trojan
0%
1953 1953 Turner
0%
1954 1960 Vanwall
0%
1951 1953 Veritas
0%
2010 2011 Virgin Racing
0%
1950 1960 Watson
0%
1950 1950 Wetteroth
0%
1977 1979 Wolf
0%
1976 1976 Wolf-Williams
0%
1985 1989 Zakspeed
0%
No matching quizzes found
Score Distribution
Percent of People with Each Score
Percentile by Number Answered
Your Score History
You have not taken this quiz